00879nam a22001937a 4500003000800000005001700008008004100025020001500066040002600081082002000107100003400127245008800161250002900249264003600278300001700314520025900331650004800590650004700638CO-NeUS20180426062621.0131105b ck ||||| |||| 00| 0 spa d a9589272037 aCO-NeUSbspacCO-NeUS04a302.23861bH2711 aHerran, María TeresaeAutor10aLa Industria de los medios masivos de comunicacion en ColombiacMaria Teresa Herran a2ª edición . ampliada aSantafe de BogotabFESCOLc1991 a365 paginas. aEl estudio del Centro de Investigaciones para el Desarrollo de la Facultad de Economia de la Universidad Nacional, dirigido por Maria Teresa Herran, muestra bajo otro enfoque -el economico- uno de los elementos esenciales de la democracia, el periodismo.14aMedios de comunicación de masaszColombia14aPolitica y medios de comunicacion de masas